LIBRARY & INFORMATION CENTRE, KCAET, TAVANUR

ONLINE PUBLIC ACCESS CATALOGUE (OPAC)

Strenth of materials (Record no. 14028)

MARC details
000 -LEADER
fixed length control field 00310nam a22001217a 4500
020 ## - INTERNATIONAL STANDARD BOOK NUMBER
ISBN 9788121925945
082 ## - DEWEY DECIMAL CLASSIFICATION NUMBER
Classification number 624.17
Item number RAJ/ST
100 ## - MAIN ENTRY--AUTHOR NAME
Personal name Rajput,R K
245 ## - TITLE STATEMENT
Title Strenth of materials
260 ## - PUBLICATION, DISTRIBUTION, ETC. (IMPRINT)
Place of publication New Delhi
Name of publisher S Chand & Company Ltd
Year of publication 2012
300 ## - PHYSICAL DESCRIPTION
Number of Pages 1448
Other physical details Multicolour illustration edition
942 ## - ADDED ENTRY ELEMENTS (KOHA)
Koha item type Books
Holdings
Withdrawn status Lost status Damaged status Collection code Home library Current library Shelving location Date acquired Source of acquisition Cost, normal purchase price Full call number Accession Number Koha item type
      Non-fiction KAUAET KAUAET General Stacks 30/03/2013 Aman Book Stall, Calicut 750.00 628.17 RAJ/ST 24127 Books
free website counter